| 000 | 00543cam a2200193ua 4500 | ||
|---|---|---|---|
| 001 | 1491 | ||
| 005 | 20260515113336.0 | ||
| 008 | 111126n ii |||gr||||Z||||||eng | ||
| 040 | _cMAIN | ||
| 082 | _a330.954 | ||
| 100 |
_aKumar. Dharma, _eAuthor. |
||
| 245 | 1 |
_aCambridge economic history if india : _bvol-ii c. 1757-c. 1970 / _cby Dharma Kumar |
|
| 250 | _a1st. | ||
| 260 |
_aHyderabad: _bOrient longman,982. |
||
| 300 |
_axviii;1073p: _c23cm. |
||
| 653 | _aEconomics | ||
| 653 | _aThe cambridge Economics history of india | ||
| 942 | _cBK | ||
| 999 |
_c1380 _d1380 |
||